| 000 | 01501nam a2200313 a 4500 | ||
|---|---|---|---|
| 003 | CO-PeBPR | ||
| 005 | 20260426085713.0 | ||
| 008 | 260415e2024 ck a|||| n||| 00| 0 spa c | ||
| 040 | 0 |
_aCO-PeBPR _bspa _cCO-PeBPR _erda |
|
| 041 | 0 | _hspa | |
| 082 | 0 | 4 | _a(i) Co863 J37i |
| 100 | 1 |
_aJaramillo Muñoz, Carlos _eautor |
|
| 245 | 1 | 0 |
_aIsabela viaja en el tiempo _c/ Carlos Jaramillo, Pablo Correa ; ilustraciones de Alejandra Vélez |
| 250 | _aEdición especial | ||
| 264 | 1 |
_aBogotá, Colombia _b: Ciencia Magnética _c, 2024 |
|
| 300 |
_a30 páginas _b: ilustraciones a color _c; 24 centímetros |
||
| 336 |
_atexto _btxt _crdacontenido |
||
| 337 |
_asin mediación _bn _2rdamedio |
||
| 338 |
_avolumen _bnc _2rdasoporte |
||
| 490 | _aPlan Nacional de Lectura, Escritura y Oralidad / Ministerio de Cultura, las Artes y los Saberes. | ||
| 520 | _aAl perder una carrera de atletismo en su colegio, la perezosa Isabela se siente muy triste pero su profesora de biología, Magdalena, la invita a un viaje en el tiempo para que conozca a sus antepasados y entienda el valor de su lentitud. En el viaje conocerá a la Titanoboa, la serpiente más grande que ha existido... Tomado de la contracubierta del libro. | ||
| 521 | _aRecomendado para 7 a 12 años. | ||
| 650 | 1 | 4 |
_2LEMB _aCuentos infantiles colombianos |
| 650 | 1 | 4 |
_2LEMB _aEvolución |
| 650 | 1 | 4 |
_2LEMB _aLiteratura infantil colombiana |
| 700 | 1 |
_aCorrea, Pablo _eautor |
|
| 700 | 1 |
_aVélez Giraldo, Alejandra _eilustradora |
|
| 942 |
_2ddc _cBKINF |
||
| 999 |
_c17792 _d17792 |
||